000 00230nam a22000857a 4500
008 160702b xxu||||| |||| 00| 0 eng d
100 _91791
_a Srivastava, D.S
245 _aEducation Instructional Methods
260 _aDelhi
_b Isha
_c2005
999 _c1495
_d1495